Automatizácia montážneho pracoviska na spájanie častí palivového systému pre automobily
Salvato in:
| Autore principale: | |
|---|---|
| Altri autori: | |
| Natura: | Manoscritto Libro |
| Lingua: | slovacco |
| Pubblicazione: |
2016
|
| Soggetti: | |
| Accesso online: | http://is.stuba.sk/zp/portal_zp.pl?podrobnosti=118416 |
| Tags: |
Nessun Tag, puoi essere il primo ad aggiungerne!!
|
MARC
| LEADER | 00000ntm a22000003a 4500 | ||
|---|---|---|---|
| 001 | stuzp56100 | ||
| 003 | SK-STU | ||
| 005 | 20160719154915.2 | ||
| 007 | ta | ||
| 008 | 150427s2015----xo-----f-mn---000-0-slo-d | ||
| 040 | |a STU |b slo | ||
| 041 | 0 | |a slo | |
| 100 | 1 | |a Vojtuš, Tomáš |u 063000 |k Z4 |4 aut |U MTF Materiálovotechnologická fakulta |T MTF Ústav výrobných technológií |X 45948 |U M3000 |Y 83 |7 A000045948 | |
| 242 | 0 | 1 | |a Automation of assembling workplace for connecting fuel system components of cars |y eng |
| 245 | 1 | 0 | |a Automatizácia montážneho pracoviska na spájanie častí palivového systému pre automobily |
| 260 | |c 2016 | ||
| 650 | 4 | |a automatizácia |2 slo | |
| 650 | 4 | |a montáž |2 slo | |
| 650 | 4 | |a prípravok |2 slo | |
| 650 | 4 | |a pneumatika |2 slo | |
| 650 | 4 | |a assembly |2 eng | |
| 650 | 4 | |a fixture |2 eng | |
| 650 | 4 | |a pneumatics |2 eng | |
| 650 | 4 | |a automation |2 eng | |
| 700 | 1 | |a Hrušková, Erika |u 063000 |k Z2 |4 ths |U MTF Materiálovotechnologická fakulta |T MTF Ústav výrobných technológií |X 2876 |U M3000 |Y 83 |7 A000002876 | |
| 856 | 4 | |u http://is.stuba.sk/zp/portal_zp.pl?podrobnosti=118416 | |
| 996 | |c M* DP-12822 |l MMSKP |s P |a 0 |w stuzp56100_0001 | ||
| SQL | |a stuzp56100 |b DDP |c SLO |d Automatizácia montážneho pracoviska na spájanie častí palivového systému pre automobily |e 45948 |f Vojtuš, Tomáš |g 063000 |h 2876 |i Hrušková, Erika |j 20160609 |k 195 |l 06 |m http://is.stuba.sk/zp/portal_zp.pl?podrobnosti=118416 |n I-VZS |o 5.2.50. výrobná technika | ||